00481nam a2200157Ia 4500008004100000020001400041041000800055082001700063100002000080245003200100250000600132260003500138300001200173999001900185952011900204210716s2003 xx 000 0 und d a201764342 aeng a004.609 KAYM aKay, Michael R. aWeb wizards guide to flash. a1 aNew YorkbAddison Wesleyc2003 axiv;207 c180696d180696 001040708MCAaAIMITbAIMITd2021-07-16eDonatedl0o004.609 KAYMpMCA00204r2025-07-21 00:00:00w2021-07-16yBK